[Event "33rd Cannes Open 2019"]
[Site "Cannes"]
[Date "2019.02.20"]
[Round "4.7"]
[White "Debray, Christopher"]
[Black "Gharamian, Tigran"]
[Result "1/2-1/2"]
[WhiteElo "2335"]
[BlackElo "2627"]
[Annotator "RC"]
[PlyCount "29"]
[EventDate "2019.02.18"]
[EventType "swiss"]
[EventCountry "FRA"]
[SourceTitle "playchess.com"]
[Source "ChessBase"]
[SourceQuality "1"]
[TimeControl "40/5400+30:1800+30"]

1. d4 {[%emt 0:00:20]} Nf6 {[%emt 0:00:00]} 2. c4 {[%emt 0:00:14]} e6 {[%emt 0:00:00]} 3. g3 {[%emt 0:00:30]} c5 {[%emt 0:00:00]} 4. Nf3 {[%emt 0:00:08]} cxd4 {[%emt 0:00:07]} 5. Nxd4 {[%emt 0:00:04]} Qc7 {[%emt 0:00:05]} 6. Nc3 {[%emt 0:00:10]} Bb4 {[%emt 0:00:07]} 7. Bg2 {[%emt 0:05:30]} Qxc4 {[%emt 0:00:53]} 8. O-O {[%emt 0:01:03]} Nc6 {[%emt 0:02:12]} 9. Ndb5 {[%emt 0:05:08]} O-O {[%emt 0:01:18]} 10. Bf4 {[%emt 0:01:48]} d5 {[%emt 0:01:06]} 11. b3 {[%emt 0:06:16]} Qc5 {[%emt 0:02:00]} 12. Bd6 {[%emt 0:00:37]} Qb6 {[%emt 0:00:07]} 13. Bxf8 {[%emt 0:00:49]} Bxf8 {[%emt 0:03:41]} 14. e3 {[%emt 0:06:12]} Qa5 {[%emt 0:38:50]} 15. a3 {[%emt 0:09:54]} 1/2-1/2

[Event "33rd Cannes Open 2019"]
[Site "Cannes"]
[Date "2019.02.20"]
[Round "4.8"]
[White "Degraeve, Remy"]
[Black "Basso, Pier Luigi"]
[Result "0-1"]
[WhiteElo "2327"]
[BlackElo "2512"]
[Annotator "RC"]
[PlyCount "122"]
[EventDate "2019.02.18"]
[EventType "swiss"]
[EventCountry "FRA"]
[SourceTitle "playchess.com"]
[Source "ChessBase"]
[SourceQuality "1"]
[TimeControl "40/5400+30:1800+30"]

1. d4 {[%emt 0:00:00]} d5 {[%emt 0:10:21]} 2. c4 {[%emt 0:00:00]} c6 {[%emt 0:01:54]} 3. Nf3 {[%emt 0:00:00]} Nf6 {[%emt 0:00:06]} 4. e3 {[%emt 0:00:00]} Bg4 {[%emt 0:00:04]} 5. Nc3 {[%emt 0:00:00]} e6 {[%emt 0:00:03]} 6. Qb3 {[%emt 0:00:00]} Qb6 {[%emt 0:00:05]} 7. Nh4 {[%emt 0:00:09]} Bh5 {[%emt 0:00:05]} 8. h3 {[%emt 0:00:04]} g5 {[%emt 0:01:04]} 9. Nf3 {[%emt 0:00:22]} h6 {[%emt 0:00:43]} 10. Bd3 {[%emt 0:00:02]} Rg8 {[%emt 0:02:21]} 11. Qc2 {[%emt 0:03:38]} Nbd7 {[%emt 0:01:25]} 12. Bd2 {[%emt 0:00:52]} Bg6 {[%emt 0:10:29]} 13. Bxg6 {[%emt 0:00:30]} Rxg6 {[%emt 0:03:42]} 14. O-O-O {[%emt 0:03:04]} dxc4 {[%emt 0:02:38]} 15. e4 {[%emt 0:06:33]} O-O-O {[%emt 0:00:24]} 16. Qa4 {[%emt 0:04:20]} Bb4 {[%emt 0:08:36]} 17. Ne2 {[%emt 0:19:47]} Be7 {[%emt 0:18:21]} 18. Ng3 {[%emt 0:05:28]} Qb5 {[%emt 0:06:08]} 19. Qxa7 {[%emt 0:01:45]} Bb4 {[%emt 0:02:15]} 20. Bxb4 {[%emt 0:07:45]} Qxb4 {[%emt 0:00:27]} 21. Rhe1 {[%emt 0:04:13]} Kc7 {[%emt 0:01:10]} 22. Re3 {[%emt 0:00:56]} g4 {[%emt 0:03:41]} 23. Ne1 {[%emt 0:01:53]} Rgg8 {[%emt 0:02:33]} 24. Qa3 {[%emt 0:01:14]} Qb5 {[%emt 0:02:57]} 25. Kb1 {[%emt 0:03:20]} Ra8 {[%emt 0:01:15]} 26. Qc3 {[%emt 0:00:04]} Rxa2 {[%emt 0:08:05]} 27. Kxa2 {[%emt 0:13:37]} Qa4+ {[%emt 0:00:05]} 28. Qa3 {[%emt 0:00:07]} Qxd1 {[%emt 0:00:03]} 29. d5 {[%emt 0:00:14]} Nb6 {[%emt 0:02:34]} 30. Qe7+ {[%emt 0:00:35]} Nfd7 {[%emt 0:00:04]} 31. Ra3 {[%emt 0:00:19]} exd5 {[%emt 0:02:25]} 32. Nf5 {[%emt 0:03:05]} dxe4 {[%emt 0:00:20]} 33. Nd3 {[%emt 0:00:37]} Nc8 {[%emt 0:05:00]} 34. Qxe4 {[%emt 0:02:01]} cxd3 {[%emt 0:00:08]} 35. Qf4+ {[%emt 0:02:41]} Kd8 {[%emt 0:00:01]} 36. Nd6 {[%emt 0:00:18]} Qe2 {[%emt 0:01:46]} 37. Nxb7+ {[%emt 0:05:02]} Ke7 {[%emt 0:00:17]} 38. Ra4 {[%emt 0:02:51]} Qe6+ {[%emt 0:00:17]} 39. Kb1 {[%emt 0:00:02]} Qe1+ {[%emt 0:00:15]} 40. Ka2 {[%emt 0:00:05]} Qe6+ {[%emt 0:00:06]} 41. Kb1 {[%emt 0:30:03]} Rg5 {[%emt 0:34:49]} 42. Qc7 {[%emt 0:00:30]} Kf6 {[%emt 0:00:00]} 43. Qxc8 {[%emt 0:00:00]} d2 {[%emt 0:00:00]} 44. Rd4 {[%emt 0:00:00]} Qe1+ {[%emt 0:00:00]} 45. Ka2 {[%emt 0:00:00]} d1=Q {[%emt 0:00:00]} 46. Qh8+ {[%emt 0:00:00]} Kg6 {[%emt 0:00:00]} 47. Qg8+ {[%emt 0:00:00]} Kh5 {[%emt 0:00:00]} 48. Qxf7+ {[%emt 0:00:00]} Kh4 {[%emt 0:00:00]} 49. Rxd1 {[%emt 0:00:00]} Qxd1 {[%emt 0:00:00]} 50. Qf4 {[%emt 0:00:00]} Qd5+ {[%emt 0:00:00]} 51. Ka1 {[%emt 0:00:00]} Qxg2 {[%emt 0:00:00]} 52. hxg4 {[%emt 0:00:00]} Kh3 {[%emt 0:00:00]} 53. f3 {[%emt 0:00:00]} Ne5 {[%emt 0:00:40]} 54. Qf6 {[%emt 0:00:00]} Qf1+ {[%emt 0:00:53]} 55. Ka2 {[%emt 0:00:00]} Qc4+ {[%emt 0:00:36]} 56. Kb1 {[%emt 0:00:00]} Qd3+ {[%emt 0:00:17]} 57. Ka1 {[%emt 0:00:00]} Nxf3 {[%emt 0:00:13]} 58. Qxh6+ {[%emt 0:00:00]} Kg2 {[%emt 0:00:12]} 59. Qf6 {[%emt 0:00:00]} Qd1+ {[%emt 0:00:43]} 60. Ka2 {[%emt 0:00:00]} Qa4+ {[%emt 0:00:11]} 61. Kb1 {[%emt 0:00:00]} Rd5 {[%emt 0:00:11]} 0-1

[Event "33rd Cannes Open 2019"]
[Site "Cannes"]
[Date "2019.02.21"]
[Round "5.1"]
[White "Maiorov, Nikita"]
[Black "Gupta, Abhijeet"]
[Result "1/2-1/2"]
[WhiteElo "2523"]
[BlackElo "2587"]
[Annotator "TA"]
[PlyCount "23"]
[EventDate "2019.02.18"]
[EventType "swiss"]
[EventCountry "FRA"]
[SourceTitle "playchess.com"]
[Source "ChessBase"]
[SourceQuality "1"]

{[%evp 22,23,33,0]} 1. d4 Nf6 2. c4 g6 3. g3 c6 4. Bg2 d5 5. cxd5 cxd5 6. Nc3 Bg7 7. Nf3 O-O 8. O-O e6 9. Ne5 Nfd7 $146 ({Predecessor:} 9... Bd7 10. Bg5 h6 11. Bf4 Nc6 12. Qd2 Kh7 13. Rfd1 Nh5 14. e4 Nxf4 15. Qxf4 dxe4 16. Nxe4 Qe7 17. h4 Rad8 18. h5 gxh5 19. Rac1 Be8 {0-1 (30) Mamedyarov,S (2799)-Artemiev,V (2691) Moscow 2017}) 10. Nf3 Nf6 11. Ne5 Nfd7 12. Nf3 1/2-1/2

[Event "33rd Cannes Open 2019"]
[Site "Cannes"]
[Date "2019.02.21"]
[Round "5.2"]
[White "Basso, Pier Luigi"]
[Black "Nasuta, Grzegorz"]
[Result "1/2-1/2"]
[WhiteElo "2512"]
[BlackElo "2504"]
[Annotator "TA"]
[PlyCount "95"]
[EventDate "2019.02.18"]
[EventType "swiss"]
[EventCountry "FRA"]
[SourceTitle "playchess.com"]
[Source "ChessBase"]
[SourceQuality "1"]

{[%evp 25,95,0,7,0,0,0,0,0,0,-7,0,0,-8,-9,16,7,37,31,35,11,41,7,12,9,7,0,0,0,8,0,22,-15,-15,-12,-14,-16,-14,-22,0,-5,0,0,0,0,0,0,0,0,0,0,0,0,0,0,0,0,0,0,0,-9,-8,-23,0,0,0,0,0,0,0,0,0,0]} 1. d4 Nf6 2. c4 g6 3. Nc3 d5 4. Bf4 Bg7 5. e3 O-O 6. Rc1 Be6 7. Nf3 dxc4 8. Ng5 Bd5 9. e4 h6 10. exd5 hxg5 11. Bxg5 Nxd5 12. Bxc4 Nb6 13. Bb3 Nc6 14. d5 {D92: Grünfeld: 4 Nf3 Bg7 5 Bf4} Nd4 15. O-O Nxb3 (15... Qd7 16. h4 Rfe8 17. a3 Nxb3 18. Qxb3 Rad8 19. Rfe1 Nxd5 20. Nxd5 Qxd5 21. Qxd5 Rxd5 22. Rxc7 Bxb2 23. Rxb7 Bxa3 24. Rxa7 {½-½ (30) Vitiugov,N (2709)-Vachier Lagrave,M (2778) Shenzhen 2018}) 16. Qxb3 Bxc3 17. Rxc3 Qxd5 18. Bxe7 Rfe8 19. Bc5 {[#]} Qxb3 $146 ({Predecessor:} 19... Re2 20. Rfc1 Rd8 21. h3 Qe5 {0-1 (56) Van Wely,L (2632)-Borisek,J (2565) Reykjavik 2015}) 20. Rxb3 Nd7 21. Bd4 b6 22. Rh3 {[%csl Gd4][%cal Rh3h8] [#]} f6 23. f4 Re4 24. Bc3 Rae8 25. g4 R8e6 26. g5 Rd6 27. Kh1 c5 28. Rg1 {[#] gxf6 is the strong threat.} f5 29. Rh8+ Kf7 30. Rh7+ Ke8 31. Rf1 a5 32. Kg1 Nf8 33. Rg7 a4 34. a3 Nd7 35. h4 Nf8 36. Rf2 Rd3 37. Be5 Re1+ 38. Kh2 Ree3 39. Kg2 Rg3+ 40. Kf1 Rd1+ 41. Ke2 Rdd3 42. Rg2 {Strongly threatening Rxg3.} Rge3+ 43. Kf2 c4 44. h5 {The position is equal.} gxh5 45. Rg8 {aiming for g6.} Kf7 46. Rg7+ Ke8 47. Rg8 {Hoping for g6.} Kf7 48. Rg7+ {Accuracy: White = 53%, Black = 64%.} 1/2-1/2

[Event "33rd Cannes Open 2019"]
[Site "Cannes"]
[Date "2019.02.21"]
[Round "5.3"]
[White "Krzyzanowski, Marcin"]
[Black "Barbot, Pierre"]
[Result "1/2-1/2"]
[WhiteElo "2504"]
[BlackElo "2428"]
[Annotator "TA"]
[PlyCount "26"]
[EventDate "2019.02.18"]
[EventType "swiss"]
[EventCountry "FRA"]
[SourceTitle "playchess.com"]
[Source "ChessBase"]
[SourceQuality "1"]

{[%evp 11,26,-29,28,-59,-61,-54,-51,-57,-68,-102,-65,-53,-39,-34,-12,-9,-17]} 1. d4 Nf6 2. c4 e6 3. Nc3 Bb4 4. a3 Bxc3+ 5. bxc3 O-O 6. f3 c5 (6... d5 $142) 7. e3 {E24: Nimzo-Indian: Sämisch: Unusual Black 5th moves and 5...c5 sidelines} (7. e4 $11) (7. e4 d6 8. Bd3 Nc6 9. Ne2 b6 10. Bg5 e5 11. d5 Na5 12. Ng3 h6 13. Be3 Re8 14. a4 Nd7 {1-0 (59) Volkov,S (2624)-Neiksans,A (2631) Stockholm 2017}) 7... Nc6 $15 8. Bd3 b6 9. Ne2 {Black is slightly better.} Ba6 10. e4 Ne8 11. Be3 Na5 $146 ({Predecessor:} 11... d6 12. O-O Na5 13. Qa4 Rc8 14. d5 exd5 15. exd5 {0-1 (22) Raber,F (2153)-De Groote,E (2263) Vienna 2011}) 12. dxc5 Nxc4 13. Bxc4 Bxc4 1/2-1/2

[Event "33rd Cannes Open 2019"]
[Site "Cannes"]
[Date "2019.02.21"]
[Round "5.4"]
[White "Di Nicolantonio, Lucas"]
[Black "Ghasi, Ameet K"]
[Result "0-1"]
[WhiteElo "2364"]
[BlackElo "2503"]
[Annotator "TA"]
[PlyCount "100"]
[EventDate "2019.02.18"]
[EventType "swiss"]
[EventCountry "FRA"]
[SourceTitle "playchess.com"]
[Source "ChessBase"]
[SourceQuality "1"]

{[%evp 9,100,22,51,30,47,49,40,38,60,52,55,62,76,53,122,103,115,106,138,132,181,87,162,107,141,132,148,157,177,185,228,186,183,189,177,186,182,155,181,177,176,170,221,227,222,220,217,188,212,203,214,199,216,154,165,84,83,75,79,8,18,28,33,0,0,-146,-141,-134,-125,-130,-62,-154,-140,-168,-167,-205,-205,-214,-199,-437,-429,-715,-700,-662,-645,-718,-718,-689,-625,-610,-603,-603,-562]} 1. e4 d6 2. d4 Nf6 3. Nc3 g6 4. Bg5 c6 5. f4 d5 (5... Na6 6. Qd2 Nc7 7. Bd3 Ne6 8. Bxf6 exf6 9. Nge2 Bg7 10. f5 Nc7 11. O-O O-O 12. a4 d5 13. exd5 Nxd5 14. Nxd5 Qxd5 {1-0 (70) Zhang,Z (2614)-Torre,E (2449) Ho Chi Minh City 2015}) 6. e5 {B07: Pirc Defence: Miscellaneous Systems} Ne4 7. Nxe4 dxe4 8. Bc4 {White is slightly better.} f6 $146 ({Predecessor:} 8... Qb6 9. Bb3 a5 10. a4 Na6 11. Qd2 Nc7 12. Ne2 Bg4 13. O-O-O {1-0 (33) Nyysti,S (2245)-Nyback,T (2448) Helsinki 2002}) 9. Bh4 Bh6 10. Ne2 Nd7 11. Bb3 Nb6 ({Black should try} 11... fxe5 $1 $14 12. fxe5 (12. dxe5 Rf8 $14) 12... Rf8) 12. exf6 $16 exf6 13. Nc3 Nd5 ({Wrong is} 13... Bxf4 $2 14. O-O $18) 14. Nxe4 Bf5 {And now ...Qe7 would win.} 15. O-O (15. Bxd5 $1 $18 {is more deadly.} cxd5 16. Bxf6 (16. Nxf6+ Kf7 $16) 16... Qa5+ 17. Nc3) 15... O-O (15... Bxe4 $16 16. Qe2 Qe7) 16. Qf3 (16. Nxf6+ $18 Rxf6 17. g4) 16... Kg7 17. Rae1 Nxf4 18. c3 g5 19. Bg3 Re8 20. Bxf4 gxf4 {[#]} 21. Nc5 $1 b6 22. Ne6+ Bxe6 23. Bxe6 Qd6 24. Qg4+ Kh8 25. Qh5 Qf8 (25... Rxe6 $142 26. Rxe6 (26. Qxh6 Rxe1 27. Rxe1 c5 $16) 26... Qxe6) 26. Bd7 $18 Re3 27. Bxc6 Rd8 28. Qf5 Rd6 29. Be4 {[%csl Ge4][%cal Rf5h7]} Qe7 30. d5 b5 31. h3 Bg5 32. a3 (32. Rxe3 $18 fxe3 33. g3) 32... Bh4 $16 33. Rxe3 fxe3 34. Qf3 (34. Qf4 $16 Bf2+ 35. Rxf2 exf2+ 36. Kxf2) 34... Bf2+ 35. Kh1 Qe5 36. g4 Rd8 37. Kg2 (37. Rc1 $11 {keeps the balance.}) 37... e2 $1 $17 {[%cal Re2f1]} 38. Kxf2 exf1=Q+ 39. Kxf1 {[%mdl 4096] Endgame KQR-KQB} Kg7 (39... Re8 $17 40. Bd3 Qe1+ 41. Kg2 Qd2+ {[%mdl 64] Double Attack} 42. Kg1 Kg7) 40. Qf5 (40. Qe2 $1 $15) 40... Qxf5+ 41. gxf5 {[#] KR-KB} Re8 $1 {[%cal Re8e4]} 42. Bd3 Re5 43. Bxb5 Rxd5 ({Don't do} 43... Rxf5+ 44. Ke2) 44. Bc6 $2 (44. Be2) 44... Rd2 $19 {Black is clearly winning.} 45. b4 (45. c4 $142 Rxb2 46. a4) 45... Rc2 46. a4 Rxc3 47. b5 Ra3 48. Kg2 Rxa4 49. Kg3 Rd4 50. h4 Kf7 {Accuracy: White = 34%, Black = 58%.} 0-1

[Event "33rd Cannes Open 2019"]
[Site "Cannes"]
[Date "2019.02.21"]
[Round "5.5"]
[White "Paltrinieri, Nicholas"]
[Black "Lodici, Lorenzo"]
[Result "1/2-1/2"]
[WhiteElo "2295"]
[BlackElo "2482"]
[Annotator "RC"]
[PlyCount "127"]
[EventDate "2019.02.18"]
[EventType "swiss"]
[EventCountry "FRA"]
[SourceTitle "playchess.com"]
[Source "ChessBase"]
[SourceQuality "1"]
[TimeControl "40/5400+30:1800+30"]

1. d4 {[%emt 0:00:00]} d5 {[%emt 0:00:00]} 2. Bf4 {[%emt 0:00:00]} Nf6 {[%emt 0:00:00]} 3. e3 {[%emt 0:00:00]} e6 {[%emt 0:00:00]} 4. Nd2 {[%emt 0:00:00]} c5 {[%emt 0:00:00]} 5. c3 {[%emt 0:00:00]} Nc6 {[%emt 0:00:01]} 6. Ngf3 {[%emt 0:00:00]} cxd4 {[%emt 0:01:02]} 7. exd4 {[%emt 0:00:05]} Nh5 {[%emt 0:00:03]} 8. Be3 {[%emt 0:00:07]} Bd6 {[%emt 0:00:04]} 9. Ne5 {[%emt 0:00:06]} g6 {[%emt 0:00:03]} 10. g4 {[%emt 0:00:05]} Ng7 {[%emt 0:00:03]} 11. h4 {[%emt 0:00:23]} h5 {[%emt 0:00:13]} 12. Bg5 {[%emt 0:02:18]} Qc7 {[%emt 0:00:20]} 13. Nxc6 {[%emt 0:02:07]} bxc6 {[%emt 0:01:27]} 14. Bf6 {[%emt 0:00:44]} Rg8 {[%emt 0:13:34]} 15. Bxg7 {[%emt 0:15:35]} Rxg7 {[%emt 0:00:02]} 16. gxh5 {[%emt 0:00:09]} e5 {[%emt 0:05:28]} 17. dxe5 {[%emt 0:12:44]} Bxe5 {[%emt 0:00:15]} 18. Bd3 {[%emt 0:00:22]} gxh5 {[%emt 0:18:34]} 19. Qxh5 {[%emt 0:00:30]} Kf8 {[%emt 0:00:09]} 20. Bf5 {[%emt 0:15:01]} Bxc3 {[%emt 0:01:29]} 21. bxc3 {[%emt 0:05:12]} Qe5+ {[%emt 0:00:06]} 22. Kd1 {[%emt 0:00:28]} Qxf5 {[%emt 0:00:08]} 23. Qh8+ {[%emt 0:01:28]} Rg8 {[%emt 0:00:02]} 24. Qh6+ {[%emt 0:00:07]} Ke7 {[%emt 0:00:03]} 25. Qxc6 {[%emt 0:01:32]} Be6 {[%emt 0:13:32]} 26. Qc5+ {[%emt 0:00:35]} Kf6 {[%emt 0:00:05]} 27. Qd4+ {[%emt 0:04:36]} Kg6 {[%emt 0:00:01]} 28. Ke2 {[%emt 0:06:50]} Bd7 {[%emt 0:02:02]} 29. Rag1+ {[%emt 0:06:08]} Kh6 {[%emt 0:03:44]} 30. Rg5 {[%emt 0:01:36]} Qe6+ {[%emt 0:00:01]} 31. Kd1 {[%emt 0:00:32]} f6 {[%emt 0:00:06]} 32. Rxd5 {[%emt 0:05:58]} Rg4 {[%emt 0:17:08]} 33. f4 {[%emt 0:00:52]} Ba4+ {[%emt 0:01:07]} 34. Kc1 {[%emt 0:00:06]} Rf8 {[%emt 0:00:24]} 35. Rf1 {[%emt 0:09:39]} Be8 {[%emt 0:06:01]} 36. Nc4 {[%emt 0:05:14]} Qe2 {[%emt 0:09:31]} 37. Ne3 {[%emt 0:00:05]} Rg2 {[%emt 0:01:15]} 38. Qd2 {[%emt 0:00:12]} Qxd2+ {[%emt 0:00:29]} 39. Rxd2 {[%emt 0:00:01]} Rxd2 {[%emt 0:00:05]} 40. Kxd2 {[%emt 0:00:06]} Kh5 {[%emt 0:01:11]} 41. Rg1 {[%emt 0:36:31]} Kxh4 {[%emt 0:36:47]} 42. Rg7 {[%emt 0:00:00]} Bc6 {[%emt 0:00:00]} 43. c4 {[%emt 0:00:00]} Rd8+ {[%emt 0:00:00]} 44. Ke2 {[%emt 0:00:00]} Be4 {[%emt 0:00:00]} 45. f5 {[%emt 0:00:00]} Kh5 {[%emt 0:00:00]} 46. a4 {[%emt 0:00:00]} a5 {[%emt 0:00:00]} 47. Kf2 {[%emt 0:00:00]} Rd3 {[%emt 0:00:00]} 48. Ra7 {[%emt 0:00:00]} Kg5 {[%emt 0:00:00]} 49. Rxa5 {[%emt 0:00:00]} Rd2+ {[%emt 0:00:00]} 50. Ke1 {[%emt 0:00:00]} Ra2 {[%emt 0:00:00]} 51. Kd1 {[%emt 0:00:27]} Kf4 {[%emt 0:00:00]} 52. Nd5+ {[%emt 0:01:00]} Bxd5 {[%emt 0:00:00]} 53. cxd5 {[%emt 0:00:56]} Kxf5 {[%emt 0:00:00]} 54. d6+ {[%emt 0:01:41]} Ke6 {[%emt 0:00:00]} 55. Rd5 {[%emt 0:00:51]} Kd7 {[%emt 0:00:00]} 56. a5 {[%emt 0:02:12]} f5 {[%emt 0:00:00]} 57. Ke1 {[%emt 0:01:55]} f4 {[%emt 0:00:00]} 58. Kf1 {[%emt 0:00:03]} f3 {[%emt 0:00:00]} 59. Ke1 {[%emt 0:00:06]} Re2+ {[%emt 0:00:00]} 60. Kf1 {[%emt 0:00:03]} Ra2 {[%emt 0:00:00]} 61. Rh5 {[%emt 0:01:55]} Kxd6 {[%emt 0:00:00]} 62. a6 {[%emt 0:00:04]} Kc6 {[%emt 0:00:00]} 63. Rh6+ {[%emt 0:00:03]} Kb5 {[%emt 0:00:00]} 64. Rf6 {[%emt 0:00:06]} 1/2-1/2

[Event "33rd Cannes Open 2019"]
[Site "Cannes"]
[Date "2019.02.21"]
[Round "5.6"]
[White "Barseghyan, Harutyun"]
[Black "Joie, Sebastien"]
[Result "1/2-1/2"]
[WhiteElo "2457"]
[BlackElo "2418"]
[Annotator "ChessBase"]
[PlyCount "24"]
[EventDate "2019.02.18"]
[EventType "swiss"]
[EventCountry "FRA"]
[SourceTitle "playchess.com"]
[Source "ChessBase"]
[SourceQuality "1"]
[TimeControl "40/5400+30:1800+30"]

1. d4 {[%emt 0:04:27]} d5 {[%emt 0:00:09]} 2. Bf4 {[%emt 0:00:04]} Nf6 {[%emt 0:00:53]} 3. e3 {[%emt 0:00:28]} c5 {[%emt 0:00:08]} 4. c3 {[%emt 0:00:05]} Nc6 {[%emt 0:00:06]} 5. Nd2 {[%emt 0:00:13]} Bf5 {[%emt 0:01:20]} 6. Qb3 {[%emt 0:05:15]} Qd7 {[%emt 0:00:28]} 7. dxc5 {[%emt 0:01:35]} e5 {[%emt 0:01:08]} 8. Bg3 {[%emt 0:00:19]} Bxc5 {[%emt 0:00:51]} 9. Ngf3 {[%emt 0:00:07]} Bd6 {[%emt 0:01:36]} 10. Bb5 {[%emt 0:01:42]} Qe7 {[%emt 0:00:13]} 11. Bh4 {[%emt 0:17:13]} Be6 {[%emt 0:00:17]} 12. Ng5 {[%emt 0:11:39]} Bd7 {[%emt 0:01:58]} 1/2-1/2

[Event "33rd Cannes Open 2019"]
[Site "Cannes"]
[Date "2019.02.21"]
[Round "5.7"]
[White "Gilevych, Artem"]
[Black "Flear, Glenn C"]
[Result "1/2-1/2"]
[WhiteElo "2403"]
[BlackElo "2451"]
[Annotator "TA"]
[PlyCount "83"]
[EventDate "2019.02.18"]
[EventType "swiss"]
[EventCountry "FRA"]
[SourceTitle "playchess.com"]
[Source "ChessBase"]
[SourceQuality "1"]

{[%evp 22,83,31,19,23,37,77,18,22,6,9,5,7,7,10,3,2,2,3,3,15,10,18,0,16,0,6,0,9,8,9,9,8,8,7,4,2,9,10,0,10,0,0,0,0,-11,0,0,0,0,0,0,0,0,0,0,0,0,0,0,0,0,0,0]} 1. Nf3 d5 2. d4 Nf6 3. c4 e6 4. Nc3 c6 5. e3 Nbd7 6. Qc2 Bd6 7. Bd3 O-O 8. O-O dxc4 9. Bxc4 b5 10. Be2 Bb7 11. Rd1 Qc7 12. e4 {e5 is the strong threat.} e5 {D46: Semi-Slav: 5 e3 Nbd7 6 Bd3, Black avoids the Meran} 13. Bg5 (13. g3 Rfe8 14. dxe5 Nxe5 15. Bg5 Neg4 16. Rac1 Bc5 17. Bxf6 Bxf2+ 18. Kh1 gxf6 19. Nxb5 Qe7 20. Nd6 {½-½ (45) Dragun,K (2572)-Shirov,A (2702) Riga 2015}) 13... Rfe8 {[#]} 14. dxe5 ({Better is} 14. Rac1 $1 $16) 14... Bxe5 $11 {The position is equal.} 15. Nxe5 Qxe5 16. Be3 b4 $1 {[%cal Rb4c3]} 17. Na4 {With the idea f3.} Qxe4 18. Qxe4 Rxe4 19. Bf3 Ree8 20. Nc5 Nxc5 21. Bxc5 a5 22. a3 Nd5 23. g3 $146 ({Predecessor:} 23. axb4 axb4 24. h3 h6 {½-½ (24) Hernaez Fernandez,C (2242)-Reig Pinol,A (2360) ICCF email 2008}) 23... h6 24. h4 Ba6 25. axb4 axb4 26. Rd4 Bb5 27. Rxa8 Rxa8 28. Bxd5 cxd5 29. Rxb4 {[%mdl 4096] Endgame KRB-KRB} Bc4 30. b3 Be2 31. Kg2 Rc8 32. Bd4 h5 33. Be5 f6 34. Rb8 Rxb8 35. Bxb8 {KB-KB} Kf7 36. f3 Ke6 37. Kf2 Bd1 38. b4 {[%cal Bb3b4,Bb4b5,Bb5b6][%mdl 32]} d4 39. b5 Ba4 40. b6 Bc6 41. g4 g6 42. Bc7 {Accuracy: White = 62%, Black = 72%.} 1/2-1/2

[Event "33rd Cannes Open 2019"]
[Site "Cannes"]
[Date "2019.02.21"]
[Round "5.7"]
[White "Popov, Artem G."]
[Black "Flear, Glenn C"]
[Result "1/2-1/2"]
[WhiteElo "1353"]
[BlackElo "2451"]
[Annotator "TA"]
[PlyCount "83"]
[EventDate "2019.02.18"]
[EventType "swiss"]
[EventCountry "FRA"]
[SourceTitle "playchess.com"]
[Source "ChessBase"]
[SourceQuality "1"]

{[%evp 32,83,12,12,12,11,10,3,7,8,2,4,10,0,7,0,5,0,8,8,8,8,2,4,1,5,6,2,10,1,10,0,0,0,0,-8,0,0,0,0,0,0,0,0,0,0,0,0,0,0,0,0,0,0]} 1. Nf3 d5 2. d4 Nf6 3. c4 e6 4. Nc3 c6 5. e3 Nbd7 6. Qc2 Bd6 7. Bd3 O-O 8. O-O dxc4 9. Bxc4 b5 10. Be2 Bb7 11. Rd1 Qc7 12. e4 e5 {D46: Semi-Slav: 5 e3 Nbd7 6 Bd3, Black avoids the Meran} 13. Bg5 (13. g3 Rfe8 14. dxe5 Nxe5 15. Bg5 Neg4 16. Rac1 Bc5 17. Bxf6 Bxf2+ 18. Kh1 gxf6 19. Nxb5 Qe7 20. Nd6 {½-½ (45) Dragun,K (2572)-Shirov,A (2702) Riga 2015}) 13... Rfe8 14. dxe5 Bxe5 15. Nxe5 Qxe5 16. Be3 b4 17. Na4 {LiveBook: 14 Games. The position is equal.} Qxe4 18. Qxe4 Rxe4 19. Bf3 Ree8 20. Nc5 Nxc5 21. Bxc5 a5 22. a3 Nd5 23. g3 $146 ({Predecessor:} 23. axb4 axb4 24. h3 h6 {½-½ (24) Hernaez Fernandez,C (2242)-Reig Pinol,A (2360) ICCF email 2008}) 23... h6 24. h4 Ba6 25. axb4 axb4 26. Rd4 Bb5 27. Rxa8 Rxa8 28. Bxd5 cxd5 29. Rxb4 $11 {[%mdl 4096] Endgame KRB-KRB} Bc4 30. b3 Be2 31. Kg2 Rc8 32. Bd4 h5 33. Be5 f6 34. Rb8 Rxb8 35. Bxb8 {KB-KB} Kf7 36. f3 Ke6 37. Kf2 Bd1 38. b4 {[%cal Bb3b4,Bb4b5,Bb5b6][%mdl 32]} d4 39. b5 Ba4 40. b6 Bc6 41. g4 g6 42. Bc7 {Precision: White = 71%, Black = 42%.} 1/2-1/2

[Event "33rd Cannes Open 2019"]
[Site "Cannes"]
[Date "2019.02.21"]
[Round "5.8"]
[White "Apicella, Manuel"]
[Black "Lamard, Guillaume"]
[Result "1-0"]
[WhiteElo "2501"]
[BlackElo "2389"]
[Annotator "TA"]
[PlyCount "51"]
[EventDate "2019.02.18"]
[EventType "swiss"]
[EventCountry "FRA"]
[SourceTitle "playchess.com"]
[Source "ChessBase"]
[SourceQuality "1"]

{[%evp 32,51,0,0,0,0,0,-9,-1,0,15,8,33,32,49,53,57,19,617,619,618,604]} 1. e4 e5 2. Nf3 Nc6 3. Bb5 a6 4. Ba4 Nf6 5. O-O Be7 6. Re1 b5 7. Bb3 d6 8. c3 O-O 9. d4 Bg4 10. d5 Na5 11. Bc2 c6 12. h3 Bc8 13. dxc6 Qc7 14. Nbd2 Qxc6 15. Nf1 Nc4 16. Ng3 Re8 17. a4 Be6 {C91: Closed Ruy Lopez: 7...d6 8 c3 0-0 9 d4} 18. Ng5 Bd7 {[#]} 19. Qd3 $146 ({Predecessor:} 19. b3 Nb6 20. a5 Nc8 21. Bd2 Bd8 22. Bd3 Ne7 23. c4 Qb7 {1-0 (40) Gashimov,V (2740)-Roiz,M (2658) Novi Sad 2009}) 19... h6 {The position is equal.} 20. Nf3 Be6 21. Nh4 d5 22. Nhf5 {[#] And now axb5 would win.} Bxf5 23. Nxf5 {aiming for axb5.} Nxe4 24. axb5 (24. Qf3 $5 {[%cal Re1e4]} Ng5 25. Qg4 $11 (25. Nxe7+ Rxe7 26. Bxg5 hxg5 $11)) 24... Qb6 $2 {[%mdl 8192]} (24... axb5 $11 25. Rxa8 Qxa8) 25. Nxe7+ $18 Rxe7 26. Rxe4 $1 {Accuracy: White = 68%, Black = 38%.} 1-0